| 000 | 00585nam a2200217Ia 4500 | ||
|---|---|---|---|
| 008 | 170918s9999 xx 000 0 und d | ||
| 020 | _a9780439876292 | ||
| 050 | _bJ781 2006 | ||
| 100 | _aJones, Marcia Thornton | ||
| 245 | _aGhosts do splash in puddles / | ||
| 245 | _cby Marcia Thorton Jones and Debbie Dadey ; illustrated by Joelle Dreidemy. | ||
| 260 | _aNew York : | ||
| 260 | _bScholastic, | ||
| 260 | _c2006 | ||
| 300 | _a64 pages : | ||
| 300 | _bcolored illustration ; | ||
| 300 | _c19cm. | ||
| 440 | _aThe Bailey school kids ; | ||
| 440 | _v1 | ||
| 500 | _a410 | ||
| 999 |
_c342772 _d342772 |
||